00404nam a2200133Ia 4500008004100000020001500041041001200056082001600068100001300084245010900097260003500206300000800241650002100249221030s9999 xx 000 0 und d a8186877576 aEnglish a105.23bGup aR. Gupta 0aObjective Electronics & Telecommunications Engineering with Study Material ( DEPARTMENTAL )cby R. Gupta bRamesh Pub HouseaNew Delhic0 a136 aECE Departmental